| 000 | 00974nam a22002898i 4500 | ||
|---|---|---|---|
| 999 |
_c29089 _d29060 |
||
| 001 | 018786701 | ||
| 003 | EG-ScBUE | ||
| 005 | 20210419104241.0 | ||
| 008 | 180105s2012 enka f 001 0 eng d | ||
| 020 | _a9781912217625 (pbk.) | ||
| 040 |
_aStDuBDS _beng _erda _cStDuBDS _dEG-ScBUE |
||
| 082 | 0 | 4 |
_a731.82 _bRUS _222 |
| 100 | 1 |
_aRussell, Tanya, _d1968- _eauthor. |
|
| 245 | 1 | 0 |
_aModelling and sculpting the figure / _cTanya Russell, The Art Academy. |
| 264 | 1 |
_aLondon : _bHerbert Press : _bBloomsbury Publishing Plc, _c2012. |
|
| 300 |
_a128 pages : _bcolor illustrations ; _c28 cm |
||
| 336 |
_atext _2rdacontent _btxt |
||
| 336 |
_astill image _2rdacontent _btxt |
||
| 337 |
_aunmediated _2rdamedia _bn |
||
| 338 |
_avolume _2rdacarrier _bnc |
||
| 500 | _aOriginally published: London: A & C Black, 2012. | ||
| 500 | _aIncludes index. | ||
| 650 | 7 |
_aFigure sculpture _xTechnique. _2BUEsh |
|
| 653 |
_bGGEN _cApril2021 |
||
| 655 |
_vReading book _934232 |
||
| 942 |
_2ddc _cBB |
||